00365nam a2200145Ia 450000500170000000800410001703700130005804000200007104100130009108400170010410000150012124500400013626000340017630000090021020250326125252.0250326s9999 xx 000 0 und d aTextbook aFMSLbengcFMSL aeng2eng aX7 L11qFMSL aPeters G H 0aPrivate and public ficecPeters G H aLondonbLondon, Fontanac1971 a231p